[Event "2nd BEHIN BAZAFARIN-Tehran"]
[Site "Tehran"]
[Date "2014.11.16"]
[Round "2.11"]
[White "Zahedifar, Anahita"]
[Black "Nadanian, Ashot"]
[Result "1/2-1/2"]
[WhiteElo "1952"]
[BlackElo "2385"]
[Annotator "www.Chessboard.ir"]
[PlyCount "148"]
[EventDate "2014.??.??"]
[EventRounds "2"]
[EventCountry "IRI"]

1. d4 Nf6 2. c4 Nc6 3. Nc3 e5 4. d5 Ne7 5. e4 d6 6. Bd3 g6 7. Nge2 Bg7 8. h3 a5
9. Be3 Nd7 10. Qc2 Nc5 11. O-O Nxd3 12. Qxd3 f5 13. f4 O-O 14. fxe5 dxe5 15.
Rad1 Ra6 16. Bc5 Raf6 17. d6 cxd6 18. Bxd6 b6 19. Bxe5 Qxd3 20. Rxd3 fxe4 21.
Bxf6 exd3 22. Bxe7 dxe2 23. Rxf8+ Bxf8 24. Bh4 Bc5+ 25. Kh2 Bf5 26. Nxe2 Bd3
27. Nc3 Bxc4 28. b3 Bd3 29. Nd5 Bb1 30. Nc3 Bc2 31. Bd8 Kf7 32. Nd5 Bb1 33. Nc3
Bd3 34. Nd5 Bb1 35. Nc3 Bf5 36. Nd5 Ke6 37. Nxb6 Bb1 38. Nc4 Bxa2 39. Bxa5 Bxb3
40. Nd2 Bd5 41. Nf3 Kf5 42. Bc3 Be3 43. Bd2 Bb6 44. Kg3 Bc5 45. Bc1 Be7 46. Kf2
Bc5+ 47. Kg3 Bb7 48. Bd2 Ba6 49. Bc1 Bc4 50. Bd2 Ke4 51. Bh6 Bg8 52. h4 Bd6+
53. Kf2 Bc5+ 54. Kg3 Kd3 55. h5 gxh5 56. Kh4 Ke2 57. Kxh5 Kf2 58. Ng5 Kxg2 59.
Bg7 Be3 60. Nxh7 Bxh7 61. Kg4 Bc2 62. Be5 Bd1+ 63. Kf5 Kf3 64. Bd6 Bc2+ 65. Ke6
Ke4 66. Bh2 Ba7 67. Bc7 Bb3+ 68. Kd6 Kd4 69. Kc6 Bd5+ 70. Kb5 Bc4+ 71. Kc6 Ke4
72. Bb6 Bb8 73. Bc7 Ba7 74. Bb6 Bb8 1/2-1/2

[Event "2nd BEHIN BAZAFARIN-Tehran"]
[Site "Tehran"]
[Date "2014.11.16"]
[Round "2.12"]
[White "Petrosian, Davit G"]
[Black "Ahmadzadeh Razavi, Seyed Shaah"]
[Result "1-0"]
[WhiteElo "2382"]
[BlackElo "1969"]
[Annotator "www.Chessboard.ir"]
[PlyCount "47"]
[EventDate "2014.??.??"]
[EventRounds "2"]
[EventCountry "IRI"]

1. e4 {[%emt 0:00:00]} c5 {[%emt 0:00:00]} 2. Nf3 e6 3. Nc3 a6 4. d4 cxd4 5.
Nxd4 Qc7 6. Qf3 Nc6 7. Be3 Nf6 8. O-O-O Be7 9. Be2 Nxd4 10. Bxd4 e5 11. Qg3 d6
12. Qxg7 Rf8 13. Be3 Be6 14. Nd5 Bxd5 15. exd5 Rc8 16. c3 Qa5 17. Kb1 Nxd5 18.
Qxh7 f5 19. Bh5+ Kd8 20. Bh6 Nxc3+ 21. bxc3 Qxc3 22. Rxd6+ Kc7 23. Qxe7+ Kb8
24. Rg6 1-0

[Event "2nd BEHIN BAZAFARIN-Tehran"]
[Site "Tehran"]
[Date "2014.11.16"]
[Round "2.13"]
[White "Tamaddon, Ehsan"]
[Black "Javanbakht, Nima"]
[Result "0-1"]
[WhiteElo "1947"]
[BlackElo "2379"]
[Annotator "www.Chessboard.ir"]
[PlyCount "104"]
[EventDate "2014.??.??"]
[EventRounds "2"]
[EventCountry "IRI"]

1. d4 Nf6 2. c4 c5 3. e3 g6 4. Nc3 Bg7 5. d5 O-O 6. e4 d6 7. Bd3 a6 8. a4 e5 9.
Nge2 a5 10. Ng3 Na6 11. h4 h5 12. Bg5 Nb4 13. Be2 Qd7 14. O-O Nh7 15. Be3 Qe7
16. Nb5 Bd7 17. Qd2 Bxb5 18. axb5 Qxh4 19. Bh6 Bxh6 20. Qxh6 Qf4 21. Qxf4 exf4
22. Nh1 Rfe8 23. f3 Nc2 24. Rac1 Nd4 25. Bd1 Nf8 26. Nf2 f6 27. Nd3 g5 28. Kf2
Nd7 29. b3 Kg7 30. Re1 Kg6 31. g3 fxg3+ 32. Kxg3 Ne5 33. Nxe5+ fxe5 34. Re3 Rf8
35. Ra1 b6 36. Ra2 Rf4 37. Rd2 Raf8 38. Rb2 h4+ 39. Kg2 g4 40. fxg4 Rf1 41. Rd2
Kg5 42. Bc2 Kxg4 43. Bd1+ Kg5 44. Red3 Re1 45. Kh2 Rff1 46. Rg2+ Kh6 47. Rgd2
Rh1+ 48. Kg2 Reg1+ 49. Kf2 Kg5 50. Be2 Kf4 51. Bh5 h3 52. Rxh3 Rxh3 0-1

[Event "2nd BEHIN BAZAFARIN-Tehran"]
[Site "Tehran"]
[Date "2014.11.16"]
[Round "2.14"]
[White "Sharbaf, Mohsen"]
[Black "Ghafourian, Amir Ali"]
[Result "1-0"]
[WhiteElo "2367"]
[BlackElo "1950"]
[Annotator "www.Chessboard.ir"]
[PlyCount "71"]
[EventDate "2014.??.??"]
[EventRounds "2"]
[EventCountry "IRI"]

1. e4 d6 2. Nc3 Nf6 3. Bc4 c6 4. Bb3 b5 5. d3 e6 6. f4 Be7 7. Nf3 Qb6 8. a3 d5
9. Qe2 Bb7 10. e5 Nfd7 11. d4 a5 12. f5 Ba6 13. Qf2 c5 14. Be3 c4 15. Ba2 Nc6
16. Qg3 g6 17. fxe6 fxe6 18. Ne2 O-O-O 19. c3 Rdf8 20. Bh6 Re8 21. O-O Rhg8 22.
Kh1 Nd8 23. Ng5 Bf8 24. Bxf8 Nxf8 25. Nf7 Nxf7 26. Rxf7 Qd8 27. Raf1 Re7 28.
Qg5 Kd7 29. Bb1 Ke8 30. Qf4 Nd7 31. h4 Rg7 32. Rf6 Qc7 33. Qg4 Bc8 34. Nf4 Nxf6
35. exf6 e5 36. fxg7 1-0

[Event "2nd BEHIN BAZAFARIN-Tehran"]
[Site "Tehran"]
[Date "2014.11.16"]
[Round "2.15"]
[White "Tabatabaei, M.Amin"]
[Black "Khalaji, Hanieh"]
[Result "1-0"]
[WhiteElo "2353"]
[BlackElo "1944"]
[Annotator "www.Chessboard.ir"]
[PlyCount "55"]
[EventDate "2014.??.??"]
[EventRounds "2"]
[EventCountry "IRI"]

1. c4 {[%emt 0:00:00]} c6 2. Nc3 d5 3. d4 Nf6 4. cxd5 cxd5 5. Bf4 Nc6 6. e3 Bf5
7. Qb3 Qd7 8. Nf3 e6 9. Ne5 Qc8 10. Nxc6 bxc6 11. Be2 Be7 12. Rc1 O-O 13. O-O
Nd7 14. Na4 f6 15. Qc3 e5 16. dxe5 fxe5 17. Bxe5 Nxe5 18. Qxe5 Qd7 19. Nc5 Bxc5
20. Rxc5 Rae8 21. Qc3 Re6 22. Rc1 Qf7 23. f3 Rfe8 24. e4 Rf8 25. Rf1 Qd7 26.
Ba6 Bg6 27. exd5 cxd5 28. Rc7 1-0

[Event "2nd BEHIN BAZAFARIN-Tehran"]
[Site "Tehran"]
[Date "2014.11.16"]
[Round "2.16"]
[White "Kolyaie, Hasan"]
[Black "Mosadeghpour, Masoud"]
[Result "0-1"]
[WhiteElo "1939"]
[BlackElo "2347"]
[Annotator "www.Chessboard.ir"]
[PlyCount "68"]
[EventDate "2014.??.??"]
[EventRounds "2"]
[EventCountry "IRI"]

1. e4 e5 2. f4 d5 3. exd5 e4 4. d3 Nf6 5. c4 Bb4+ 6. Nc3 c6 7. dxe4 Nxe4 8.
Nge2 O-O 9. Bd2 Nxd2 10. Qxd2 cxd5 11. cxd5 Re8 12. O-O-O Na6 13. Ng3 Nc5 14.
Bb5 Bd7 15. Bxd7 Qxd7 16. Kb1 Na4 17. Rc1 Rac8 18. Rhf1 Rc5 19. Rf3 Rxd5 20.
Qc2 Bxc3 21. Rxc3 Nxc3+ 22. Qxc3 Rd1 23. a3 Ree1 24. Rxd1 Qxd1+ 25. Ka2 Qd5+
26. b3 Qxg2+ 27. Qb2 Qxb2+ 28. Kxb2 Rg1 29. Ne4 Rg2+ 30. Kc3 Rxh2 31. Nd6 h5
32. Nxb7 h4 33. a4 h3 34. Nd6 Rg2 0-1

[Event "2nd BEHIN BAZAFARIN-Tehran"]
[Site "Tehran"]
[Date "2014.11.16"]
[Round "2.17"]
[White "Mousavi, Seyed Khalil"]
[Black "Alavi, Homa"]
[Result "1/2-1/2"]
[WhiteElo "2339"]
[BlackElo "1933"]
[Annotator "www.Chessboard.ir"]
[PlyCount "73"]
[EventDate "2014.??.??"]
[EventRounds "2"]
[EventCountry "IRI"]

1. Nf3 {[%emt 0:00:00]} d5 2. d4 Nf6 3. c4 e6 4. g3 Be7 5. Bg2 O-O 6. O-O dxc4
7. Qc2 a6 8. Rd1 b5 9. Ng5 c6 10. b3 h6 11. Ne4 Nxe4 12. Qxe4 cxb3 13. axb3 Bb7
14. Qg4 f5 15. Qg6 Rf6 16. Qh5 Nd7 17. e4 Qe8 18. Qe2 Rf7 19. Bf3 Kh7 20. Nc3
c5 21. d5 Bf6 22. Bb2 Bxc3 23. Bxc3 exd5 24. exd5 Qxe2 25. Bxe2 Nf6 26. d6 Rd8
27. Rac1 Ne4 28. Be5 Rfd7 29. Rd3 Re8 30. f4 Red8 31. Bf1 g5 32. Bg2 Kg6 33.
fxg5 hxg5 34. Bxe4 Bxe4 35. Rdc3 Bd5 36. Ra1 Re8 37. Re3 1/2-1/2

[Event "2nd BEHIN BAZAFARIN-Tehran"]
[Site "Tehran"]
[Date "2014.11.16"]
[Round "2.18"]
[White "Hakobyan, Hovhannes H"]
[Black "Grabliauskas, Virginijus"]
[Result "1-0"]
[WhiteElo "1932"]
[BlackElo "2337"]
[Annotator "www.Chessboard.ir"]
[PlyCount "105"]
[EventDate "2014.??.??"]
[EventRounds "2"]
[EventCountry "IRI"]

1. e4 c5 2. Nf3 e6 3. Nc3 a6 4. d4 cxd4 5. Nxd4 Qc7 6. Qf3 Bd6 7. Be3 Be5 8.
O-O-O Nc6 9. g3 Nge7 10. Bf4 Nxd4 11. Rxd4 Nc6 12. Rd2 d6 13. Be2 O-O 14. Rhd1
Rd8 15. Bxe5 Nxe5 16. Qh5 g6 17. Qh6 f6 18. Qh4 Qe7 19. f4 Nf7 20. e5 g5 21.
fxg5 fxg5 22. exd6 Rxd6 23. Qe4 Rxd2 24. Rxd2 Qf6 25. Bd3 Qf5 26. Qa4 b5 27.
Nxb5 Qe5 28. Qe4 Qxe4 29. Bxe4 Rb8 30. Nd6 Ne5 31. Nxc8 Rxc8 32. Bb7 Rc5 33.
Bxa6 Nf3 34. Rd8+ Kg7 35. Rd7+ Kf6 36. Rxh7 Re5 37. b4 Re1+ 38. Kb2 Nd2 39. Bd3
e5 40. Rh6+ Ke7 41. Bf5 e4 42. Kc3 e3 43. Kd3 Kf7 44. Bg4 Rb1 45. Rb6 Rh1 46.
Be2 Rxh2 47. Kxe3 Nb1 {[%emt 0:00:00]} 48. Rc6 Rh3 49. b5 Rxg3+ 50. Kd4 Rg2 51.
b6 Rxe2 52. b7 Rd2+ 53. Ke3 1-0

[Event "2nd BEHIN BAZAFARIN-Tehran"]
[Site "Tehran"]
[Date "2014.11.16"]
[Round "2.19"]
[White "Darban, Morteza"]
[Black "Zibaei, Abdoullah"]
[Result "1-0"]
[WhiteElo "2335"]
[BlackElo "1930"]
[Annotator "www.Chessboard.ir"]
[PlyCount "91"]
[EventDate "2014.??.??"]
[EventRounds "2"]
[EventCountry "IRI"]

1. Nf3 d5 2. c4 e6 3. g3 Nf6 4. Bg2 c6 5. Qc2 Be7 6. O-O O-O 7. d4 Nbd7 8. Nbd2
c5 9. cxd5 exd5 10. dxc5 Nxc5 11. Nb3 Nce4 12. Be3 Bd7 13. Rac1 Bd6 14. Qd3 Qe7
15. Bd4 a6 16. Bxf6 Nxf6 17. Nbd4 g6 18. e3 Rfd8 19. Qb3 Qe8 20. Qb6 Qe7 21.
Rfd1 Bg4 22. h3 Bc8 23. Qb3 Bc5 24. Nd2 Ba7 25. Qc3 Bb6 26. Qb3 Ba5 27. Rc2 Qd6
28. Rdc1 Re8 29. Qa3 Qxa3 30. bxa3 Bd7 31. N2b3 Bb6 32. Nc5 Bc6 33. Nxc6 bxc6
34. Nb3 Bd8 35. Rxc6 Be7 36. a4 Red8 37. a5 Kg7 38. Bf1 Ne4 39. Bxa6 Ba3 40.
R1c2 Bb4 41. Bb7 Ra7 42. a6 Nd6 43. Rb6 Ba3 44. Nd4 Nc4 45. Rb3 Be7 46. Nc6 1-0

[Event "2nd BEHIN BAZAFARIN-Tehran"]
[Site "Tehran"]
[Date "2014.11.16"]
[Round "2.20"]
[White "Saberi, Mahan"]
[Black "Firouzja, Alireza"]
[Result "0-1"]
[WhiteElo "1928"]
[BlackElo "2332"]
[Annotator "www.Chessboard.ir"]
[PlyCount "78"]
[EventDate "2014.??.??"]
[EventRounds "2"]
[EventCountry "IRI"]

1. e4 {[%emt 0:00:00]} e6 2. d4 d5 3. exd5 exd5 4. Bd3 Nc6 5. Ne2 g6 6. c3 Bg7
7. Qc2 Nge7 8. Bg5 O-O 9. Nd2 h6 10. Bxe7 Nxe7 11. O-O-O b6 12. Nf3 c5 13. Qd2
Qd6 14. Qf4 Qxf4+ 15. Nxf4 h5 16. Kb1 Bh6 17. Rde1 Bxf4 18. Rxe7 Kg7 19. Rhe1
Bd6 20. R7e3 Rb8 21. Ne5 b5 22. a3 c4 23. Bc2 a5 24. Ka1 b4 25. cxb4 axb4 26.
axb4 Bxb4 27. R1e2 Ra8+ 28. Kb1 Ra6 29. Nf3 Bd7 30. Re5 Rfa8 31. Kc1 Ra1+ 32.
Bb1 Bf5 33. Rxf5 gxf5 34. Re5 c3 35. bxc3 Bxc3 36. Kc2 Rc8 37. Rxd5 Bxd4+ 38.
Kd2 Bc3+ 39. Kc2 Bf6+ 0-1

[Event "2nd BEHIN BAZAFARIN-Tehran"]
[Site "Tehran"]
[Date "2014.11.17"]
[Round "3.1"]
[White "Sedaghati, Mehrdad"]
[Black "Amonatov, Farrukh"]
[Result "1/2-1/2"]
[WhiteElo "2161"]
[BlackElo "2608"]
[Annotator "www.Chessboard.ir"]
[PlyCount "82"]
[EventDate "2014.??.??"]
[EventRounds "2"]
[EventCountry "IRI"]
[WhiteClock "0:51:56"]
[BlackClock "0:34:24"]

1. e4 c5 2. Nf3 d6 3. d4 cxd4 4. Nxd4 Nf6 5. Nc3 a6 6. Bg5 Nbd7 7. Bc4 Qb6 8.
Bb3 e6 9. Qd2 Be7 10. O-O-O Nc5 11. Rhe1 Qc7 12. f4 h6 13. Bxf6 Bxf6 14. Kb1
Be7 15. Nf5 Nxb3 16. axb3 Bd7 17. Nxg7+ Kf8 18. Nh5 Rd8 19. f5 Bg5 20. Qd4 Rg8
21. Nf6 Rg7 22. fxe6 Bxe6 23. g3 Rc8 24. Rf1 Qc5 25. Qxd6+ Qxd6 26. Rxd6 Bxf6
27. Rxf6 Ke7 28. e5 Rc5 29. Rxh6 Rxe5 30. Rd1 Rg4 31. Rh8 b5 32. Rd2 b4 33. Re2
Rgg5 34. Rxe5 Rxe5 35. Na4 Re1+ 36. Ka2 Bf5 37. Nb6 a5 38. Nd5+ Kd7 39. Ra8
Bxc2 40. Rxa5 Bb1+ 41. Ka1 Bc2+ 1/2-1/2

[Event "2nd BEHIN BAZAFARIN-Tehran"]
[Site "Tehran"]
[Date "2014.11.17"]
[Round "3.2"]
[White "Korneev, Oleg"]
[Black "Tavakolian, M."]
[Result "1-0"]
[WhiteElo "2588"]
[BlackElo "2148"]
[Annotator "www.Chessboard.ir"]
[PlyCount "56"]
[EventDate "2014.??.??"]
[EventRounds "2"]
[EventCountry "IRI"]
[WhiteClock "0:33:45"]
[BlackClock "0:09:50"]

1. e4 c5 2. Nf3 Nc6 3. d4 cxd4 4. Nxd4 Nf6 5. Nc3 d6 6. Bg5 e6 7. Qd2 a6 8.
O-O-O Bd7 9. f3 h6 10. Be3 b5 11. Nxc6 Bxc6 12. Kb1 b4 13. Ne2 d5 14. Nd4 Bb7
15. e5 Nd7 16. f4 Be7 17. f5 Nxe5 18. fxe6 O-O 19. Bd3 Nc4 20. Qe2 Qc7 21. Bc1
Bf6 22. Qg4 Rac8 23. e7 Qxe7 24. Nf5 Qe5 25. Rhe1 Na3+ 26. Ka1 Rc4 27. Nxh6+
Kh8 28. Rxe5 Bc6 1-0

[Event "2nd BEHIN BAZAFARIN-Tehran"]
[Site "Tehran"]
[Date "2014.11.17"]
[Round "3.3"]
[White "Abbasi, Rasool"]
[Black "Ghaem Maghami, Ehsan"]
[Result "0-1"]
[WhiteElo "2156"]
[BlackElo "2559"]
[Annotator "www.Chessboard.ir"]
[PlyCount "56"]
[EventDate "2014.??.??"]
[EventRounds "2"]
[EventCountry "IRI"]
[WhiteClock "0:07:45"]
[BlackClock "0:08:07"]

1. e4 c5 2. Nf3 d6 3. d4 cxd4 4. Nxd4 Nf6 5. Nc3 a6 6. Bg5 Nc6 7. Nxc6 bxc6 8.
f4 Qb6 9. e5 Ng4 10. Qf3 h6 11. Bh4 g5 12. Bg3 Bg7 13. Bc4 Qe3+ 14. Be2 d5 15.
Qf1 Rb8 16. Nd1 Qe4 17. e6 Bxb2 18. exf7+ Kf8 19. Qf3 Bxa1 20. Qxe4 dxe4 21. f5
Rb1 22. Bxg4 h5 23. Be2 Bc3+ 24. Kf2 h4 25. Bc7 Bd4+ 26. Ke1 Bxf5 27. Ba5 Kxf7
28. Bxa6 Ra8 0-1

[Event "2nd BEHIN BAZAFARIN-Tehran"]
[Site "Tehran"]
[Date "2014.11.17"]
[Round "3.4"]
[White "Malakhatko, Vadim"]
[Black "Bahari Rad, Alireza"]
[Result "1-0"]
[WhiteElo "2533"]
[BlackElo "2129"]
[Annotator "www.Chessboard.ir"]
[PlyCount "89"]
[EventDate "2014.??.??"]
[EventRounds "2"]
[EventCountry "IRI"]
[WhiteClock "0:26:02"]
[BlackClock "0:17:10"]

1. d4 Nf6 2. c4 e6 3. Nf3 Bb4+ 4. Nbd2 b6 5. a3 Bxd2+ 6. Qxd2 Bb7 7. e3 d6 8.
Be2 Nbd7 9. O-O O-O 10. b3 Qe7 11. Bb2 Be4 12. Rad1 h6 13. Qc1 c5 14. Nd2 Bb7
15. Qa1 cxd4 16. Bxd4 d5 17. Bf3 e5 18. Bb2 e4 19. Be2 Rfe8 20. cxd5 Bxd5 21.
Bb5 Red8 22. b4 a6 23. Be2 b5 24. Rc1 Nb6 25. Bd4 Qe6 26. Rc2 Rac8 27. Rfc1
Rxc2 28. Rxc2 Ne8 29. h3 Na4 30. Nf1 Rc8 31. Bg4 f5 32. Rxc8 Qxc8 33. Bh5 Bf7
34. Bd1 Qc4 35. g4 fxg4 36. hxg4 Qc6 37. Ng3 Bg6 38. Bb3+ Kh7 39. Kg2 Qd7 40.
Qd1 Nc7 41. g5 Bf7 42. Bc2 Bg6 43. gxh6 gxh6 44. Nxe4 Ne8 45. Ng5+ 1-0

[Event "2nd BEHIN BAZAFARIN-Tehran"]
[Site "Tehran"]
[Date "2014.11.17"]
[Round "3.5"]
[White "Mojaverian, Hossein"]
[Black "Alavi, Sayed Javad"]
[Result "0-1"]
[WhiteElo "2136"]
[BlackElo "2458"]
[Annotator "www.Chessboard.ir"]
[PlyCount "144"]
[EventDate "2014.??.??"]
[EventRounds "2"]
[EventCountry "IRI"]
[WhiteClock "0:00:53"]
[BlackClock "0:04:00"]

1. d4 Nf6 2. Bg5 d5 3. Bxf6 exf6 4. e3 c6 5. c4 dxc4 6. Bxc4 Bd6 7. Nc3 f5 8.
Nf3 Nd7 9. Qc2 Nf6 10. O-O O-O 11. a3 Qe7 12. Bd3 g6 13. Rfe1 Be6 14. Rad1 Rac8
15. Qa4 a6 16. h3 Rfe8 17. Bb1 Nd5 18. Rc1 Nxc3 19. Rxc3 Bd5 20. Qd1 Rcd8 21.
Bd3 c5 22. dxc5 Bxc5 23. Qc2 Bb6 24. Rd1 Rd6 25. Rc8 Rxc8 26. Qxc8+ Qd8 27.
Qxd8+ Rxd8 28. Be2 Kf8 29. Ne5 Ke7 30. Bc4 Bxc4 31. Rxd8 Bxd8 32. Nxc4 Ke6 33.
Kf1 Kd5 34. Nd2 Bf6 35. b3 Bb2 36. Nb1 a5 37. Ke2 a4 38. bxa4 Kc4 39. Kd1 Kb3
40. Nd2+ Kxa4 41. e4 fxe4 42. Nxe4 Bxa3 43. Ng5 Kb3 44. Nxf7 Kc3 45. Ng5 h6 46.
Ne6 b5 47. f4 b4 48. Nc5 Kd4 49. Ne6+ Kc3 50. Nc5 Kd4 51. Ne6+ Kd3 52. Nc5+ Ke3
53. g3 Kf3 54. Nd3 Kxg3 55. Ne5 Kxf4 56. Nxg6+ Kg3 57. h4 Kg4 58. Ke2 Kh5 59.
Ne5 Kxh4 60. Kf3 b3 61. Nc4 Bb4 62. Nb2 Bc3 63. Nd3 Kh3 64. Nf4+ Kh2 65. Nd3 b2
66. Nxb2 Bxb2 67. Kg4 Kg2 68. Kh5 Bc1 69. Kh4 Bd2 70. Kg4 Bg5 71. Kh5 Kg3 72.
Kg6 Kg4 0-1

[Event "2nd BEHIN BAZAFARIN-Tehran"]
[Site "Tehran"]
[Date "2014.11.17"]
[Round "3.6"]
[White "Harutjunyan, Gevorg"]
[Black "Roohi, Abdolmajid"]
[Result "1-0"]
[WhiteElo "2451"]
[BlackElo "2115"]
[Annotator "www.Chessboard.ir"]
[PlyCount "55"]
[EventDate "2014.??.??"]
[EventRounds "2"]
[EventCountry "IRI"]
[WhiteClock "0:20:48"]
[BlackClock "0:18:42"]

1. e4 e5 2. Nf3 Nf6 3. Nc3 Bb4 4. Nxe5 O-O 5. Nd3 Bxc3 6. dxc3 Nxe4 7. Be2 d5
8. O-O c6 9. Nf4 Bf5 10. Be3 Nd7 11. f3 Nd6 12. Bd4 Qg5 13. g3 Rfe8 14. b3 b6
15. Kg2 Ne5 16. h4 Qe7 17. Re1 Ng6 18. Qd2 Bc8 19. h5 Nxf4+ 20. Qxf4 Qd7 21.
Bd3 f6 22. Rxe8+ Nxe8 23. Re1 c5 24. Bf2 Qf7 25. c4 Be6 26. cxd5 Bxd5 27. Qf5
h6 28. Re7 1-0

[Event "2nd BEHIN BAZAFARIN-Tehran"]
[Site "Tehran"]
[Date "2014.11.17"]
[Round "3.7"]
[White "Asadi, Sadegh"]
[Black "Toufighi, Homayoon"]
[Result "1/2-1/2"]
[WhiteElo "2106"]
[BlackElo "2440"]
[Annotator "www.Chessboard.ir"]
[PlyCount "123"]
[EventDate "2014.??.??"]
[EventRounds "2"]
[EventCountry "IRI"]
[WhiteClock "0:30:58"]
[BlackClock "0:11:23"]

1. e4 d5 2. exd5 Qxd5 3. d4 Nf6 4. Nf3 Bg4 5. Be2 c6 6. O-O Nbd7 7. c4 Qa5 8.
Nc3 e6 9. Re1 Bb4 10. Bd2 O-O 11. h3 Bh5 12. Ne5 Bxe2 13. Qxe2 Rad8 14. a3 Bxc3
15. Bxc3 Qc7 16. Rad1 Rfe8 17. Qf3 Nf8 18. h4 h6 19. g4 N6h7 20. Kg2 f6 21. Nd3
Qf7 22. Nf4 Ng6 23. Nxg6 Qxg6 24. Kh3 Qf7 25. Re3 Nf8 26. Rde1 Qd7 27. Qe4 b6
28. f4 h5 29. f5 hxg4+ 30. Kxg4 g6 31. Kh3 exf5 32. Qxe8 Rxe8 33. Rxe8 f4+ 34.
R1e6 Kf7 35. R8e7+ Qxe7 36. Rxe7+ Kxe7 37. Kg4 Ne6 38. Kf3 Kf7 39. d5 cxd5 40.
cxd5 Nc7 41. Ke4 f3 42. Be1 Ke7 43. Bg3 Kd7 44. a4 f5+ 45. Ke5 Ne8 46. h5 gxh5
47. Kxf5 Nd6+ 48. Kf4 Nc4 49. b4 Nb2 50. Kxf3 Nxa4 51. Be5 a5 52. bxa5 bxa5 53.
Kg3 Nb6 54. Kh4 Nc4 55. Bc3 a4 56. Bb4 Nb6 57. Kxh5 Nxd5 58. Ba3 Kc6 59. Kg4
Kb5 60. Kf3 Nb4 61. Ke2 Nc2 62. Bf8 1/2-1/2

[Event "2nd BEHIN BAZAFARIN-Tehran"]
[Site "Tehran"]
[Date "2014.11.17"]
[Round "3.8"]
[White "Pourramezanali, Amirreza"]
[Black "Zarepisheh, Gholamreza"]
[Result "1-0"]
[WhiteElo "2414"]
[BlackElo "2105"]
[Annotator "www.Chessboard.ir"]
[PlyCount "89"]
[EventDate "2014.??.??"]
[EventRounds "2"]
[EventCountry "IRI"]
[WhiteClock "0:39:13"]
[BlackClock "0:13:39"]

1. e4 c5 2. Nf3 d6 3. d4 cxd4 4. Nxd4 Nf6 5. Nc3 a6 6. Be3 e5 7. Nb3 Be6 8. Qd2
Be7 9. f4 Qc7 10. f5 Bc4 11. Bxc4 Qxc4 12. Qe2 Qc7 13. O-O-O h5 14. h3 h4 15.
Bg5 Nbd7 16. Kb1 Rc8 17. Qf2 b5 18. a3 Qb8 19. Bxh4 Rxc3 20. Bxf6 Nxf6 21. bxc3
Nxe4 22. Qf3 Qa8 23. Kb2 O-O 24. Nd2 Nxd2 25. Rxd2 e4 26. Qe3 Rc8 27. Rhd1 Bf6
28. Rxd6 Rxc3 29. Rd8+ Bxd8 30. Kxc3 Bf6+ 31. Kd2 Qd5+ 32. Ke2 Qc4+ 33. Kf2
Qxc2+ 34. Rd2 Qc4 35. g4 Kh7 36. Kg2 a5 37. g5 Be7 38. Qf4 Qc6 39. Kg3 Qc3+ 40.
Kg4 Bxa3 41. g6+ Kg8 42. Rd8+ Bf8 43. Qxe4 Qc5 44. Qd5 Qg1+ 45. Kh5 1-0

[Event "2nd BEHIN BAZAFARIN-Tehran"]
[Site "Tehran"]
[Date "2014.11.17"]
[Round "3.9"]
[White "Afshari, Mohammadreza"]
[Black "Mahjoob, Morteza"]
[Result "0-1"]
[WhiteElo "2084"]
[BlackElo "2412"]
[Annotator "www.Chessboard.ir"]
[PlyCount "78"]
[EventDate "2014.??.??"]
[EventRounds "2"]
[EventCountry "IRI"]
[WhiteClock "0:00:38"]
[BlackClock "0:06:55"]

1. d4 Nf6 2. c4 e6 3. Nc3 Bb4 4. e3 O-O 5. Bd3 d5 6. Nf3 c5 7. O-O dxc4 8. Bxc4
Qe7 9. a3 Ba5 10. Ba2 Rd8 11. Qc2 b6 12. Bd2 Bb7 13. dxc5 bxc5 14. Nd5 Nxd5 15.
Bxa5 Rc8 16. Rfd1 Nd7 17. Rac1 Nf8 18. Ne5 Qg5 19. f4 Qe7 20. Qf2 Ng6 21. Nxg6
hxg6 22. Rd2 Qe8 23. Rdc2 Qb5 24. Be1 Nf6 25. Qe2 Qb6 26. b4 cxb4 27. Rxc8+
Rxc8 28. Rxc8+ Bxc8 29. Bxb4 Ba6 30. Qd2 Ng4 31. Qd4 Qb5 32. Qd8+ Kh7 33. Qh4+
Nh6 34. h3 Qf1+ 35. Kh2 Bb7 36. Qg5 Qd3 37. Bc5 Qc2 38. Bxe6 f6 39. Qg3 Qxc5
0-1

[Event "2nd BEHIN BAZAFARIN-Tehran"]
[Site "Tehran"]
[Date "2014.11.17"]
[Round "3.10"]
[White "Galehdari, Bardia"]
[Black "Petrosian, Davit G"]
[Result "1/2-1/2"]
[WhiteElo "2084"]
[BlackElo "2382"]
[Annotator "www.Chessboard.ir"]
[PlyCount "85"]
[EventDate "2014.??.??"]
[EventRounds "2"]
[EventCountry "IRI"]
[WhiteClock "0:32:42"]
[BlackClock "0:31:20"]

1. e4 e6 2. d4 d5 3. Nc3 Bb4 4. e5 Ne7 5. Nf3 c5 6. Bd2 Nbc6 7. Nb5 Bxd2+ 8.
Qxd2 O-O 9. dxc5 b6 10. cxb6 Qxb6 11. Bd3 Ng6 12. Bxg6 Qxb5 13. c4 Qb8 14. Bd3
dxc4 15. Bxc4 Nxe5 16. Nxe5 Qxe5+ 17. Qe2 Qg5 18. O-O Bb7 19. f3 Rad8 20. Rad1
Qc5+ 21. Kh1 h5 22. b3 h4 23. h3 Qg5 24. Qf2 Qg3 25. Qe3 a5 26. Rd4 Rxd4 27.
Qxd4 Bd5 28. Bxd5 Rd8 29. Qa4 Rxd5 30. Qe8+ Kh7 31. Qxf7 Rd2 32. Qh5+ Kg8 33.
Rg1 e5 34. a3 Re2 35. Qe8+ Kh7 36. Qh5+ Kg8 37. f4 Re1 38. fxe5 Rxg1+ 39. Kxg1
Qe1+ 40. Kh2 Qg3+ 41. Kg1 Qe1+ 42. Kh2 Qg3+ 43. Kg1 1/2-1/2

[Event "2nd BEHIN BAZAFARIN-Tehran"]
[Site "Tehran"]
[Date "2014.11.17"]
[Round "3.11"]
[White "Javanbakht, Nima"]
[Black "Ghorbani, Hadi"]
[Result "1-0"]
[WhiteElo "2379"]
[BlackElo "2047"]
[Annotator "www.Chessboard.ir"]
[PlyCount "35"]
[EventDate "2014.??.??"]
[EventRounds "2"]
[EventCountry "IRI"]
[WhiteClock "1:13:04"]
[BlackClock "0:59:56"]

1. d4 d5 2. c4 c6 3. Nf3 Nf6 4. Nc3 dxc4 5. a4 Bf5 6. Ne5 Na6 7. f3 Nb4 8. e4
Bg6 9. Be3 e6 10. Bxc4 Nfd5 11. exd5 Nc2+ 12. Kf2 exd5 13. Nxg6 Nxa1 14. Nxh8
dxc4 15. Re1 Qh4+ 16. Kg1 O-O-O 17. Nxf7 Nb3 18. Bf2 1-0

[Event "2nd BEHIN BAZAFARIN-Tehran"]
[Site "Tehran"]
[Date "2014.11.17"]
[Round "3.12"]
[White "Mahmoody, M. Sadegh"]
[Black "Sharbaf, Mohsen"]
[Result "1-0"]
[WhiteElo "2070"]
[BlackElo "2367"]
[Annotator "www.Chessboard.ir"]
[PlyCount "51"]
[EventDate "2014.??.??"]
[EventRounds "2"]
[EventCountry "IRI"]
[WhiteClock "0:52:54"]
[BlackClock "1:15:14"]

1. d4 g6 2. f4 Bg7 3. Nf3 c6 4. g3 f5 5. Bg2 Nf6 6. c4 Ne4 7. Nbd2 d5 8. e3 Nd7
9. O-O Nxd2 10. Nxd2 Nf6 11. b3 a5 12. Rb1 a4 13. c5 b6 14. cxb6 Ba6 15. bxa4
Nd7 16. Qc2 Bxf1 17. Kxf1 Nb8 18. Ba3 e6 19. Nf3 Qd7 20. Kg1 Bf6 21. Bf1 Qb7
22. Bb4 Qxb6 23. Be7 Qxb1 24. Qxb1 Kxe7 25. Qb4+ c5 26. Qxc5+ 1-0

[Event "2nd BEHIN BAZAFARIN-Tehran"]
[Site "Tehran"]
[Date "2014.11.17"]
[Round "3.13"]
[White "Doostkam, P."]
[Black "Tabatabaei, M.Amin"]
[Result "0-1"]
[WhiteElo "2063"]
[BlackElo "2353"]
[Annotator "www.Chessboard.ir"]
[PlyCount "40"]
[EventDate "2014.??.??"]
[EventRounds "2"]
[EventCountry "IRI"]

1. c4 {[%emt 0:00:00]} g6 2. d4 Nf6 3. g3 Bg7 4. Bg2 O-O 5. Nc3 d6 6. Nf3 Nc6
7. O-O Bg4 8. d5 Na5 9. Qd3 c5 10. Rb1 a6 11. b3 b5 12. Nd2 Nd7 13. h3 bxc4 14.
bxc4 Ne5 15. Qc2 Bf5 16. e4 Bd7 17. Na4 Rb8 18. Nb3 f5 19. f4 Nf7 20. Kh2 e5
0-1

[Event "2nd BEHIN BAZAFARIN-Tehran"]
[Site "Tehran"]
[Date "2014.11.17"]
[Round "3.14"]
[White "Mosadeghpour, Masoud"]
[Black "Pilvaieh, Ali"]
[Result "1-0"]
[WhiteElo "2347"]
[BlackElo "2043"]
[Annotator "www.Chessboard.ir"]
[PlyCount "67"]
[EventDate "2014.??.??"]
[EventRounds "2"]
[EventCountry "IRI"]

1. e4 {[%emt 0:00:00]} c5 2. d4 cxd4 3. c3 Nf6 4. e5 Nd5 5. Nf3 e6 6. cxd4 d6
7. a3 Nc6 8. Bd3 dxe5 9. dxe5 g6 10. O-O Bg7 11. Re1 O-O 12. b4 b6 13. b5 Na5
14. Bg5 Qd7 15. Nbd2 Nc3 16. Qc2 Nxb5 17. Ne4 Nd4 18. Nxd4 Qxd4 19. Nf6+ Bxf6
20. Bxf6 Bb7 21. Qd2 Qg4 22. Be4 g5 23. Bxb7 Nxb7 24. Re3 h6 25. Rh3 Kh7 26.
Bxg5 Qxh3 27. gxh3 hxg5 28. h4 gxh4 29. Qd3+ Kh8 30. Kh1 Rg8 31. Qf3 Nc5 32.
Qf6+ Rg7 33. Rg1 Rag8 34. Rg4 1-0